Cinderella / (Record no. 102370)
[ view plain ]
| 000 -LEADER | |
|---|---|
| fixed length control field | 00525nam a2200181 a 4500 |
| 005 - DATE AND TIME OF LATEST TRANSACTION | |
| control field | 20140412111235.0 |
| 008 - FIXED-LENGTH DATA ELEMENTS--GENERAL INFORMATION | |
| fixed length control field | 010404s19uu xx 00 eng d |
| 020 ## - INTERNATIONAL STANDARD BOOK NUMBER | |
| International Standard Book Number | 2-89433-120-7 |
| 050 ## - LIBRARY OF CONGRESS CALL NUMBER | |
| Classification number | BB |
| Item number | Ci48 1993 |
| 100 ## - MAIN ENTRY--PERSONAL NAME | |
| Personal name | Bryant, Robyn |
| 245 ## - TITLE STATEMENT | |
| Title | Cinderella / |
| Statement of responsibility, etc | story adaptation Robyn Bryant. |
| 260 ## - PUBLICATION, DISTRIBUTION, ETC. (IMPRINT) | |
| Place of publication, distribution, etc | Montreal, Cananda : |
| Name of publisher, distributor, etc | Brimar Publishing Inc, |
| Date of publication, distribution, etc | 1993. |
| 300 ## - PHYSICAL DESCRIPTION | |
| Extent | 16 p. ; ill. |
| 440 ## - SERIES STATEMENT/ADDED ENTRY--TITLE | |
| Title | The Walt Disney Princess Treasure Chest |
| 650 ## - SUBJECT ADDED ENTRY--TOPICAL TERM | |
| Topical term or geographic name as entry element | Princess-Stories |
| 650 ## - SUBJECT ADDED ENTRY--TOPICAL TERM | |
| Topical term or geographic name as entry element | Fairy Tales |
| Withdrawn status | Lost status | Damaged status | Use restrictions | Home library | Current library | Shelving location | Date acquired | Source of acquisition | Total Checkouts | Full call number | Barcode | Date last seen | Price effective from | Koha item type |
|---|---|---|---|---|---|---|---|---|---|---|---|---|---|---|
| Elizalde Library | Elizalde Library | Big Books Section | 04/04/2001 | BB Ci48 1993 | E1478 | 04/12/2014 | 04/12/2014 | Books |